John, Paul, George... or Ringo? - Statistics

General Stats
  • This quiz has been taken 139 times
  • The average score is 14 of 16
Answer Stats
Question Answer % Correct
Wrote "Imagine" John Lennon
100%
Was assassinated in 1980 John Lennon
100%
Married Yoko Ono John Lennon
100%
Played the drums Ringo Starr
100%
Joined the supergroup "The Traveling Wilburys" alongside Bob Dylan, Jeff Lynne, and Tom Petty George Harrison
91%
Was known for his opposition to the Vietnam War John Lennon
91%
According to a popular conspiracy theory, died in 1966 and was replaced by a look-alike Paul McCartney
91%
Has written the most songs that have topped the Billboard Hot 100 Paul McCartney
91%
Was the last to join the band Ringo Starr
91%
Was the lead guitar player George Harrison
82%
Converted to Hinduism George Harrison
82%
Wrote "Yesterday" and "Let It Be" Paul McCartney
82%
Has collaborated with artists such as Kanye West, Rihanna, and Dave Grohl Paul McCartney
82%
Was born with a different name Ringo Starr
82%
Wrote "My Sweet Lord" and "Here Comes the Sun" George Harrison
73%
Continues to tour as the lead singer of a band Ringo Starr
18%
No matching quizzes found
Score Distribution
Percent of People with Each Score
Percentile by Number Answered
Your Score History
You have not taken this quiz